000 00214nam a2200097Ia 4500
008 190216s9999||||xx |||||||||||||| ||und||
100 _aUroob
245 0 _aMisschinnuvum Lady Doctorum
260 _bNull
942 _cBK
999 _c23601
_d23601